| 000 | 00783nam a22001937a 4500 | ||
|---|---|---|---|
| 005 | 20251108164952.0 | ||
| 008 | 250721s1996 xx 000 0 ara d | ||
| 082 | 1 | 4 | _a658.15/زيا |
| 100 | 1 | _aرمضان، زياد | |
| 245 | 1 | 0 | _aأساسيات في الإدارة المالية وفق المنهاج الذي أقره مجلس التعليم العالي في المملكة الأردنية الهاشمية لكليات المجتمع الحكومية والخاصة / |
| 250 | _aط4. ن مزيدة زمنقحة | ||
| 264 | 1 |
_aعمان : _bدار صفاء للنشر والتوزيع، _c1996. |
|
| 300 | _a339ص | ||
| 650 | 1 | 7 | _aالإدارة |
| 650 | 1 | 7 | _aتقنيات الإدارة |
| 650 | 1 | 7 | _aالإدارة المالية |
| 942 |
_2ddc _cBK |
||
| 999 |
_c18671 _d18671 |
||